000 00627nam a2200253Ia 4500
003 OSt
005 20220924144518.0
006 a|||||r|||| 00| 0
007 ta
008 220923b |||||||| |||| 00| 0 urd d
020 _a8185360634 (hbk)
020 _c60.00
024 _a315222
037 _cTextual
040 _aARTS
_cARTS
_burd
041 _2urd
_aurd
082 _aO168,1NAS6,1, M7
100 _aKazmi Syed Ashoor
245 0 _aSerrat-ay Manzel
260 _c1987
650 _aURDU POETRY
942 _hO168,1NAS6,1, M7
_cTEXL
_2CC
999 _c457303
_d457303